| 000 | 01613nam a2200241Ia 4500 | ||
|---|---|---|---|
| 999 |
_c36661 _d36661 |
||
| 001 | 2584 | ||
| 003 | GE_BSU | ||
| 005 | 20250404123008.0 | ||
| 008 | 181216s2005||||ge |||||||||||||| ||geo|| | ||
| 040 | _cGE_BSU | ||
| 041 | _ageo | ||
| 080 | _a342.743(094.9) ხ–65 | ||
| 100 |
_aხმალაძე, ვახტანგ _911154 |
||
| 245 |
_aსაქართველოს საგადასახადო კოდექსის კომენტარები : კომენტარები მომზადებულია საქართველოს საგადასახადო კოდექსის 2005 წლის 25 ოქტომბრის მდგომარეობით / _cვახტანგ ხმალაძე, ირაკლი შავიშვილი, დავით ხატიაშვილი, ბუღალტერთა და აუდიტორთა ფედერაცია ; [რედ. მიხეილ ჯიბუტი]. |
||
| 264 |
_aთბილისი: _bთერგი, _c2005. |
||
| 300 |
_a735 გვ. _bილ. |
||
| 653 | _aსაქართველოს საგადასახადო კოდექსის კომენტარები. | ||
| 653 | _aსაგადასახადო კოდექსი | ||
| 700 |
_a შავიშვილი, ირაკლი _911155 |
||
| 700 |
_aხატიაშვილი, დავით _911156 |
||
| 700 |
_aჯიბუტი, მიხეილ _eრედაქტორი _911157 |
||
| 942 |
_cBK _2udc |
||